Honor y libertad de expresión: las causas de justificación en los delitos contra el honor
Сохранить в:
| Главный автор: | |
|---|---|
| Формат: | |
| Язык: | испанский |
| Опубликовано: |
Madrid
Tecnos
1987
|
| Серии: | Ciencias Jurídicas
|
| Предметы: | |
| Метки: |
Добавить метку
Нет меток, Требуется 1-ая метка записи!
|
MARC
| LEADER | 00000nam a2200000 a 4500 | ||
|---|---|---|---|
| 001 | UCV1308 | ||
| 003 | CL-VaPUC | ||
| 008 | 900406e19870000SP |||||||||||||||||spa|d | ||
| 082 | 0 | 4 | |a 323.44 |b BER |2 21 |
| 100 | 0 | |a Berdugo Gómez de la Torre, Ignacio |e author |9 295545 | |
| 245 | 1 | 0 | |a Honor y libertad de expresión: las causas de justificación en los delitos contra el honor |
| 300 | |a 127 p | ||
| 942 | |c BK | ||
| 945 | |d 19900406 00:00:00 | ||
| 260 | |a Madrid |b Tecnos |c 1987 | ||
| 650 | 7 | |a LIBERTAD DE PALABRA |2 CL-VaPUC |9 256198 | |
| 651 | 0 | |a España |9 254926 | |
| 583 | |a last modification |c 19900406 00:00:00 |k Rodrigo Vera | ||
| 490 | 0 | |a Ciencias Jurídicas | |
| 999 | |c 209294 |d 209292 | ||
| 952 | |0 0 |1 0 |4 0 |6 323_440000000000000_BER_1987 |7 0 |8 A |9 184621 |a BIBDER |b BIBDER |d 2019-11-14 |i 2519291 |o 323.44 BER 1987 |p 2519291 |r 2023-01-25 |w 2019-11-14 |y BK |k DER | ||